El desarrollo desigual / (Record no. 10793)

MARC details
000 -LEADER
fixed length control field 00814nam a22002537a 4500
003 - CONTROL NUMBER IDENTIFIER
control field AR-FvUNAJ
005 - DATE AND TIME OF LATEST TRANSACTION
control field 20250305130002.0
008 - FIXED-LENGTH DATA ELEMENTS--GENERAL INFORMATION
fixed length control field 250219b ||||| |||| 00| 0 spa d
020 ## - INTERNATIONAL STANDARD BOOK NUMBER
International Standard Book Number 84-395-0135-8
040 ## - CATALOGING SOURCE
Transcribing agency AR-FvUNAJ
082 14 - DEWEY DECIMAL CLASSIFICATION NUMBER
Edition number 14
Classification number 330.9
100 1# - MAIN ENTRY--PERSONAL NAME
9 (RLIN) 13658
Personal name Amin, Samir
245 13 - TITLE STATEMENT
Title El desarrollo desigual /
Statement of responsibility, etc Samir Amin
260 ## - PUBLICATION, DISTRIBUTION, ETC. (IMPRINT)
Place of publication, distribution, etc Barcelona:
Name of publisher, distributor, etc Planeta-De Agostini,
Date of publication, distribution, etc 1986
300 ## - PHYSICAL DESCRIPTION
Extent vii, 336 p.
440 ## - SERIES STATEMENT/ADDED ENTRY--TITLE
9 (RLIN) 6141
Title Obras Maestras del Pensamiento Contemporáneo
Number of part/section of a work 64
650 27 - SUBJECT ADDED ENTRY--TOPICAL TERM
Source of heading or term unescot
9 (RLIN) 555
Topical term or geographic name as entry element HISTORIA ECONOMICA
650 27 - SUBJECT ADDED ENTRY--TOPICAL TERM
Source of heading or term unescot
9 (RLIN) 816
Topical term or geographic name as entry element CAPITALISMO
650 27 - SUBJECT ADDED ENTRY--TOPICAL TERM
Source of heading or term unescot
9 (RLIN) 4470
Topical term or geographic name as entry element SISTEMA ECONÓMICO
650 27 - SUBJECT ADDED ENTRY--TOPICAL TERM
Source of heading or term unescot
9 (RLIN) 1817
Topical term or geographic name as entry element ECONOMIA POLITICA
650 27 - SUBJECT ADDED ENTRY--TOPICAL TERM
Source of heading or term unescot
9 (RLIN) 813
Topical term or geographic name as entry element MARXISMO
942 ## - ADDED ENTRY ELEMENTS (KOHA)
Source of classification or shelving scheme Dewey Decimal Classification
Koha item type Libro, folleto, traducción
980 ## - EQUIVALENCE OR CROSS-REFERENCE-SERIES STATEMENT--PERSONAL NAME/TITLE [LOCAL, CANADA]
Linkage 19226
Personal name Palazón Marcela I.
Field link and sequence number 19226
Miscellaneous information Palazón Marcela I.
Holdings
Withdrawn status Lost status Source of classification or shelving scheme Damaged status Not for loan Home library Current library Date acquired Full call number Barcode Date last seen Copy number Price effective from Koha item type
    Dewey Decimal Classification   Consultar Disponibilidad Biblioteca Central DEPOSITO 05/03/2025 330.9 AMId UNAJ25030002 05/03/2025 1 05/03/2025 Libro, folleto, traducción

Lunes a Viernes 8:30 a 19:00 hs. Cerrado por mudanza
Av.Calchaqui 6200 Florencio Varela (CP188) 2°piso Edificio Mosconi Aula 209-210
Mail: bibliotecacentralunaj@gmail.com  
Whatsapp(54 9)1122668024    ❔Pregunte a la bibliotecaria
© Universidad Nacional Arturo Jauretche | Secretaría Académica | Biblioteca Central UNAJ